The Role of Sensory Analysis in Quality Control / (Record no. 2282)

MARC details
000 -LEADER
fixed length control field 00632nam a2200217 a 4500
003 - CONTROL NUMBER IDENTIFIER
control field PK-NaQUE
005 - DATE AND TIME OF LATEST TRANSACTION
control field 20251119084803.0
008 - FIXED-LENGTH DATA ELEMENTS--GENERAL INFORMATION
fixed length control field 251119b ||||| |||| 00| 0 eng d
020 ## - INTERNATIONAL STANDARD BOOK NUMBER
International Standard Book Number 0803114869 (paperback)
020 ## - INTERNATIONAL STANDARD BOOK NUMBER
International Standard Book Number 9780803114869 (paperback)
040 ## - CATALOGING SOURCE
Transcribing agency QUEST
100 ## - MAIN ENTRY--PERSONAL NAME
Personal name Yantis, June E.
245 14 - TITLE STATEMENT
Title The Role of Sensory Analysis in Quality Control /
260 ## - PUBLICATION, DISTRIBUTION, ETC. (IMPRINT)
Place of publication, distribution, etc [S.l.] :
Name of publisher, distributor, etc Astm Intl,
Date of publication, distribution, etc 1992.
300 ## - PHYSICAL DESCRIPTION
Extent 56 p. ;
650 ## - SUBJECT ADDED ENTRY--TOPICAL TERM
Topical term or geographic name as entry element Engineering inspection
650 ## - SUBJECT ADDED ENTRY--TOPICAL TERM
Topical term or geographic name as entry element Quality control
650 ## - SUBJECT ADDED ENTRY--TOPICAL TERM
Topical term or geographic name as entry element Sensory evaluation
856 40 - ELECTRONIC LOCATION AND ACCESS
Uniform Resource Identifier <a href="http://10.10.170.122:8080/browse/book/28907">http://10.10.170.122:8080/browse/book/28907</a>
Link text Download eBook
942 ## - ADDED ENTRY ELEMENTS (KOHA)
Koha item type Books
Source of classification or shelving scheme Dewey Decimal Classification
Holdings
Withdrawn status Lost status Damaged status Not for loan Collection code Home library Current library Date acquired Total Checkouts Full call number Barcode Date last seen Koha item type Price effective from
          Central Library, QUEST, Nawabshah Central Library, QUEST, Nawabshah 10/05/2014   670.425YAN 26713 10/05/2014 Books 10/05/2014
          Central Library, QUEST, Nawabshah Central Library, QUEST, Nawabshah 10/05/2014   670.425YAN 26714 10/05/2014 Books 10/05/2014
        Reference Reference Section Reference Section 10/05/2014   670.425YAN (Shelf - 90B) 26710 10/05/2014 Books  
        Reference Reference Section Reference Section 10/05/2014   670.425YAN (Shelf - 90B) 26711 10/05/2014 Books  
          Central Library, QUEST, Nawabshah Stacks area 10/05/2014   670.425YAN 26712 10/05/2014 Books